[Event "Baku op"]
[Site "Baku"]
[Date "2009.09.27"]
[Round "7"]
[White "Allahverdiyev, Araz"]
[Black "Guliev, Logman"]
[Result "0-1"]
[WhiteElo "2002"]
[BlackElo "2426"]
[PlyCount "100"]
[EventDate "2009.09.21"]
[EventType "swiss"]
[EventRounds "9"]
[EventCountry "AZE"]
[SourceTitle "CBM 132 Extra"]
[Source "ChessBase"]
[SourceDate "2009.11.03"]
[SourceVersion "1"]
[SourceVersionDate "2009.11.03"]
[SourceQuality "1"]

1. Nf3 Nf6 2. c4 e6 3. Nc3 d5 4. cxd5 exd5 5. d4 h6 6. Bf4 c6 7. e3 Bd6 8. Bxd6 Qxd6 9. Bd3 0-0 10. Qc2 Re8 11. 0-0 Nbd7 12. Rab1 a5 13. Rfe1 Nf8 14. a3 b6 15. Na4 N8d7 16. Rbc1 Bb7 17. Bf5 Rab8 18. Bxd7 Nxd7 19. Ne5 Nxe5 20. dxe5 Qd8 21. f4 c5 22. Rcd1 f6 23. Nc3 fxe5 24. Nxd5 Bxd5 25. e4 exf4 26. Rxd5 Qxd5 27. exd5 Rxe1+ 28. Kf2 Re7 29. d6 Rd7 30. Qc4+ Kh8 31. Qxf4 Rbd8 32. h3 Rxd6 33. Kg3 Rd2 34. Qc7 R8d6 35. Qc8+ Kh7 36. Kh2 Rg6 37. Qf5 Rdxg2+ 38. Kh1 R2g5 39. Qe4 a4 40. Kh2 h5 41. h4 Rg4 42. Qe7 Rf6 43. Kh3 Rf3+ 44. Kh2 Rf2+ 45. Kh1 Rff4 46. Qd8 Rxh4+ 47. Kg2 Rhg4+ 48. Kh1 Rf1+ 49. Kh2 Rf2+ 50. Kh1 Rd4 0-1

[Event "Baku President's Cup 3rd"]
[Site "Baku"]
[Date "2008.05.12"]
[Round "7"]
[White "Ashwin, Jayaram"]
[Black "Allahverdiyev, Araz"]
[Result "1-0"]
[WhiteElo "2446"]
[BlackElo "2021"]
[PlyCount "31"]
[EventDate "2008.05.12"]
[EventType "swiss"]
[EventRounds "9"]
[EventCountry "AZE"]
[SourceTitle "CBM 124 Extra"]
[Source "ChessBase"]
[SourceDate "2008.07.03"]
[SourceVersion "1"]
[SourceVersionDate "2008.07.03"]
[SourceQuality "1"]

1. e4 e6 2. d4 d5 3. Nd2 dxe4 4. Nxe4 Be7 5. Nf3 Nf6 6. Nxf6+ Bxf6 7. Bd3 b6 8. Be4 c6 9. Bf4 0-0 10. h4 Bb7 11. Bxh7+ Kxh7 12. Ng5+ Bxg5 13. hxg5+ Kg6 14. Qh5+ Kf5 15. g6+ Kxf4 16. Qe5+ 1-0